[Event "Mississauga Spring op U2000"]
[White "Sharma, Vishruth"]
[Black "Talsma, Shawn"]
[Site "Mississauga"]
[Round "5"]
[Result "0-1"]
[Date "2019.03.24"]
[WhiteElo "1725"]
[BlackElo "1893"]
[PlyCount "104"]
[EventDate "2019.03.23"]
[EventType "swiss"]
[EventRounds "5"]
[EventCountry "CAN"]
[SourceTitle "EXT 2022"]
[Source "ChessBase"]
[SourceDate "2021.10.06"]
[SourceVersion "1"]
[SourceVersionDate "2021.10.06"]
[SourceQuality "1"]

1. e4 c5 2. Nf3 d6 3. d4 cxd4 4. Nxd4 Nf6 5. Nc3 e6 6. Be3 Be7 7. Be2 a6 8. a4 Nbd7 9. f4 0-0 10. 0-0 Qc7 11. Qd2 b6 12. Bf3 Bb7 13. Nb3 Rfd8 14. Rad1 Rac8 15. Qf2 Nc5 16. a5 Nfxe4 17. Nxe4 Nxe4 18. Bxe4 Bxe4 19. Bxb6 Qxc2 20. Bxd8 Rxd8 21. Nd4 Qxf2+ 22. Kxf2 Rb8 23. Rd2 Bf6 24. Ke3 d5 25. Rc1 g5 26. g3 gxf4+ 27. gxf4 e5 28. fxe5 Bg5+ 29. Ke2 Bxd2 30. Kxd2 Rxb2+ 31. Ke3 Rxh2 32. Rc6 Rh3+ 33. Kf4 Bd3 34. Nf5 h5 35. Ne7+ Kg7 36. Nxd5 Rh1 37. Kg5 Re1 38. Nf4 Rxe5+ 39. Kh4 Bf1 40. Nxh5+ Kf8 41. Ng3 Bb5 42. Rc1 Ke7 43. Kg4 Bd7+ 44. Kf4 Rxa5 45. Ne4 Rd5 46. Re1 Kd8 47. Nc3 Rc5 48. Ne4 Rc7 49. Ke5 a5 50. Nd6 Be6 51. Rb1 Ke7 52. Rb7 f6+ 0-1

[Event "Mississauga Goldon Horseshoe op U2000"]
[White "Wang, Eric1"]
[Black "Talsma, Shawn"]
[Site "Mississauga"]
[Round "4.6"]
[Result "0-1"]
[Date "2018.06.03"]
[WhiteElo "1684"]
[BlackElo "1940"]
[PlyCount "120"]
[EventDate "2018.06.02"]
[EventType "swiss"]
[EventRounds "5"]
[EventCountry "CAN"]
[SourceTitle "EXT 2022"]
[Source "ChessBase"]
[SourceDate "2021.10.06"]
[SourceVersion "1"]
[SourceVersionDate "2021.10.06"]
[SourceQuality "1"]

1. c4 Nf6 2. Nc3 g6 3. Nf3 Bg7 4. d4 0-0 5. g3 d5 6. Bg2 c6 7. 0-0 Re8 8. e3 Nbd7 9. b3 e5 10. dxe5 Nxe5 11. Nxe5 Rxe5 12. Bb2 Re8 13. Rc1 dxc4 14. bxc4 Be6 15. Ne2 Qa5 16. a3 Rad8 17. Qe1 Qc5 18. Qb4 Qxb4 19. axb4 Rd2 20. Bxf6 Bxf6 21. Nf4 Bb2 22. Rcd1 Rxd1 23. Rxd1 Bxc4 24. Rd7 Rb8 25. Bf1 Bxf1 26. Kxf1 Kf8 27. Nd3 Bc3 28. Ke2 Ke8 29. Rc7 a5 30. Nc5 axb4 31. Rxb7 Rxb7 32. Nxb7 b3 33. Nd6+ Kd7 34. Nc4 c5 35. Kd3 Bb4 36. Nb2 Ba3 37. Nc4 Bc1 38. Kc3 b2 39. Nxb2 Bxb2+ 40. Kxb2 Ke6 41. Kc3 Kd5 42. f3 f5 43. h4 h6 44. Kd3 g5 45. f4 gxh4 46. gxh4 h5 47. e4+ fxe4+ 48. Ke3 c4 49. f5 c3 50. f6 c2 51. Kd2 Ke6 52. f7 Kxf7 53. Kxc2 Kf6 54. Kd2 Ke5 55. Ke3 Kf5 56. Kf2 Kg4 57. Ke3 Kxh4 58. Kf4 Kh3 59. Kxe4 Kg2 60. Kf4 h4 0-1